000 01061nam0a22002531 4500
001 rc\3033855
005 20250806201726.0
035 _a(NLR Aleph) 007174627
090 _a14256
_c14256
100 _a20111003d1945 u y0rusy50 ca
101 0 _arus
102 _aRU
105 _aa z |||||
200 1 _aРабота на паровозе в зимних условиях
_fП.В. Старцев старший машинист
_gСтахановско-Лунинская школа
210 _aМолотов
_cСектор подготовки кадров Дорпрофсожа и ред. газ. "Сталинская путевка" Перм. ж. д.
_d1945
215 _a15, [2] с., 2 л. диагр., схем.
_cчерт., диагр., схем.
_d15 см
700 1 _aСтарцев
_bП.В.
_gПавел Васильевич
801 0 _aRU
_bNLR
_gpsbo
801 1 _aRU
_bELAR
_2rusmarc
852 _aNLR
_jТ88 Г-2/473
942 _cBOOK
945 _aРоссийская национальная библиотека
980 _aNB
980 _aBV